[Event "Recife Arraes Memorial 9th"]
[Site "Recife"]
[Date "2016.10.23"]
[Round "5.2"]
[White "Hiramine, Rodrigo Yoshio Ferr"]
[Black "Souza, Rafael Cabral de"]
[Result "1/2-1/2"]
[WhiteElo "2088"]
[BlackElo "2138"]
[PlyCount "88"]
[EventDate "2016.10.21"]
[EventType "swiss"]
[EventRounds "6"]
[EventCountry "BRA"]
[SourceTitle "EXT 2022"]
[Source "ChessBase"]
[SourceDate "2021.10.06"]
[SourceVersion "1"]
[SourceVersionDate "2021.10.06"]
[SourceQuality "1"]

1. e4 e5 2. Nf3 Qe7 3. Bc4 g6 4. 0-0 Bg7 5. Nc3 c6 6. d4 d6 7. dxe5 dxe5 8. Ng5 Nh6 9. h3 0-0 10. Be3 Kh8 11. Qe2 f6 12. Nf3 Nf7 13. Rad1 Nd7 14. Ne1 Nd6 15. Bb3 f5 16. exf5 Nxf5 17. Nf3 Nc5 18. Bxc5 Qxc5 19. Ne4 Qe7 20. c3 Be6 21. Rfe1 Rac8 22. g4 Bxb3 23. axb3 Nh4 24. Nh2 Rf4 25. Rd3 Rcf8 26. Red1 Qf7 27. Rd8 Qxb3 28. Rxf8+ Rxf8 29. Rd7 b6 30. Rxa7 Qd5 31. c4 Qd4 32. Ng5 b5 33. Rxg7 h6 34. Ne6 Qd6 35. Qe3 g5 36. Rh7+ Kg8 37. Rg7+ Kh8 38. Rh7+ Kg8 39. Nxf8 Qd1+ 40. Nf1 Nf3+ 41. Kg2 Nh4+ 42. Kg1 Nf3+ 43. Kg2 Nh4+ 44. Kg3 Qxf1 1/2-1/2

[Event "Recife Arraes Memorial 9th"]
[Site "Recife"]
[Date "2016.10.21"]
[Round "1.8"]
[White "Do Prado, Hamilton Mesquita"]
[Black "Hiramine, Rodrigo Yoshio Ferr"]
[Result "0-1"]
[WhiteElo "1675"]
[BlackElo "2088"]
[PlyCount "90"]
[EventDate "2016.10.21"]
[EventType "swiss"]
[EventRounds "6"]
[EventCountry "BRA"]
[SourceTitle "EXT 2022"]
[Source "ChessBase"]
[SourceDate "2021.10.06"]
[SourceVersion "1"]
[SourceVersionDate "2021.10.06"]
[SourceQuality "1"]

1. d4 Nf6 2. Bf4 c5 3. e3 g6 4. Be2 Bg7 5. Nf3 0-0 6. h3 d5 7. 0-0 Nc6 8. c3 b6 9. Nbd2 Bb7 10. Ne5 Nd7 11. Nxc6 Bxc6 12. Nf3 Re8 13. Qd2 Bb7 14. Bb5 a6 15. Bxd7 Qxd7 16. Ne5 Qc8 17. b4 f6 18. Nf3 e5 19. Bg3 a5 20. Rfc1 axb4 21. cxb4 c4 22. a4 e4 23. Ne1 h5 24. Qc3 g5 25. f4 h4 26. Bh2 g4 27. hxg4 Qxg4 28. Qd2 Bf8 29. Nc2 Re7 30. Qd1 Qg6 31. Qe2 Rg7 32. Rf1 Bc8 33. Kh1 Bg4 34. Qf2 h3 35. g3 Qe8 36. b5 Rga7 37. f5 Bf3+ 38. Kg1 Rxa4 39. Rxa4 Rxa4 40. Ne1 Qh5 41. Nxf3 Qxf3 42. Qxf3 exf3 43. Rxf3 c3 44. Rf1 c2 45. e4 Rxd4 0-1